Los caudales de Indias en la primera mitad del siglo XVI / (Record no. 88234)

MARC details
000 -LEADER
campo de control de longitud fija 00619nam a2200181 i 4500
001 - NÚMERO DE CONTROL
campo de control 88234
003 - IDENTIFICADOR DE NÚMERO DE CONTROL
campo de control ES-MaACL
005 - FECHA Y HORA DE LA ÚLTIMA TRANSACCIÓN
campo de control 20230906175825.0
007 - CAMPO FIJO DE DESCRIPCIÓN FÍSICA--INFORMACIÓN GENERAL
campo de control de longitud fija t|
008 - DATOS DE LONGITUD FIJA--INFORMACIÓN GENERAL
campo de control de longitud fija 050103s1904 sp ||||1| spa d
100 1# - ENTRADA PRINCIPAL--NOMBRE DE PERSONA
Nombre de persona Laiglesia, Francisco de (
Fechas asociadas al nombre 1850-1922)
9 (RLIN) 69670
245 14 - MENCIÓN DEL TÍTULO
Título Los caudales de Indias en la primera mitad del siglo XVI /
Mención de responsabilidad, etc. Francisco de Laiglesia.
260 ## - PUBLICACIÓN, DISTRIBUCIÓN, ETC.
Lugar de publicación, distribución, etc. Madrid :
Nombre del editor, distribuidor, etc. L. Aguado,
Fecha de publicación, distribución, etc. 1904.
300 ## - DESCRIPCIÓN FÍSICA
Extensión 29 p. ;
Dimensiones 27 cm.
500 ## - NOTA GENERAL
Nota general Es Separata de: Revista "Nuestro Tiempo" (Marzo de 1904)
651 #4 - PUNTO DE ACCESO ADICIONAL DE MATERIA--NOMBRE GEOGRÁFICO
Nombre geográfico América española-
Subdivisión general Situación económica-
Subdivisión cronológica S.XVI.
9 (RLIN) 158557
852 ## - LOCALIZACIÓN
Ubicación ES-MaACL
Número de control de estantería T-1028-F-15
Holdings
Estatus retirado Estado de pérdida Estado de daño No para préstamo Colección Biblioteca de origen Biblioteca actual Ubicación en estantería Fecha de adquisición Fuente de adquisición Total de préstamos Signatura topográfica completa Código de barras Visto por última vez Precio de reemplazo Tipo de ítem Koha
        Colección de folletos Biblioteca del Ateneo de Madrid Biblioteca del Ateneo de Madrid Depósito folletos 17/01/2008     T-1028-F-15 1092170 23/02/2023 23/02/2023 Folleto